[Event "ODJM B 2024"]
[Site "Willingen GER"]
[Date "2024.05.22"]
[Round "5"]
[White "Ottlik, Marie"]
[Black "Rabus, Johann"]
[Result "1-0"]
[Termination "normal"]
[Board "50"]
[WhiteElo "1640"]
[BlackElo "1597"]
[WhiteClock "00:07:51"]
[BlackClock "01:05:10"]
[PlyCount "82"]
[WhiteFideId "16281730"]
[BlackFideId "34602950"]
[EventCountry "GER"]
[EventRounds "9"]
[EventType "swiss"]
[EventDate "2024.05.18"]

1. e4 {[%clk 01:30:57]} {[%emt 00:00:03]} c6 {[%clk 01:30:51]} {[%emt
00:00:10]} 2. d4 {[%clk 01:31:21]} {[%emt 00:00:05]} d5 {[%clk 01:31:12]}
{[%emt 00:00:09]} 3. exd5 {[%clk 01:31:46]} {[%emt 00:00:05]} cxd5 {[%clk
01:31:34]} {[%emt 00:00:08]} 4. Bd3 {[%clk 01:32:08]} {[%emt 00:00:08]} Nc6
{[%clk 01:31:31]} {[%emt 00:00:34]} 5. c3 {[%clk 01:32:30]} {[%emt 00:00:08]}
Nf6 {[%clk 01:31:50]} {[%emt 00:00:11]} 6. Bf4 {[%clk 01:32:52]} {[%emt
00:00:08]} Bg4 {[%clk 01:31:57]} {[%emt 00:00:23]} 7. Qb3 {[%clk 01:33:09]}
{[%emt 00:00:13]} Qd7 {[%clk 01:32:09]} {[%emt 00:00:17]} 8. Nd2 {[%clk
01:33:17]} {[%emt 00:00:23]} e6 {[%clk 01:31:26]} {[%emt 00:01:14]} 9. Ngf3
{[%clk 01:33:33]} {[%emt 00:00:13]} Bxf3 {[%clk 01:30:14]} {[%emt 00:03:56]}
10. Nxf3 {[%clk 01:31:26]} {[%emt 00:00:23]} Nh5 {[%clk 01:26:49]} {[%emt
00:03:55]} 11. Bg3 {[%clk 01:08:25]} {[%emt 00:23:30]} Nxg3 {[%clk 01:24:55]}
{[%emt 00:02:24]} 12. hxg3 {[%clk 01:06:09]} {[%emt 00:02:46]} f6 {[%clk
01:13:01]} {[%emt 00:12:25]} 13. Bg6+ {[%clk 01:00:41]} {[%emt 00:05:58]} Kd8
{[%clk 01:09:58]} {[%emt 00:03:32]} 14. Rxh7 {[%clk 00:48:51]} {[%emt
00:12:19]} Rxh7 {[%clk 01:10:00]} {[%emt 00:00:29]} 15. Bxh7 {[%clk 00:49:16]}
{[%emt 00:00:05]} f5 {[%clk 01:10:25]} {[%emt 00:00:05]} 16. Bg6 {[%clk
00:46:19]} {[%emt 00:03:26]} Qe7 {[%clk 01:08:09]} {[%emt 00:02:47]} 17. Ne5
{[%clk 00:37:01]} {[%emt 00:09:48]} Nxe5 {[%clk 01:08:00]} {[%emt 00:00:40]}
18. dxe5 {[%clk 00:37:26]} {[%emt 00:00:04]} b6 {[%clk 01:08:02]} {[%emt
00:00:27]} 19. Qb5 {[%clk 00:34:05]} {[%emt 00:03:50]} Qd7 {[%clk 01:07:18]}
{[%emt 00:01:15]} 20. Qxd7+ {[%clk 00:31:33]} {[%emt 00:03:03]} Kxd7 {[%clk
01:07:35]} {[%emt 00:00:12]} 21. Kd2 {[%clk 00:31:08]} {[%emt 00:00:55]} Bc5
{[%clk 01:07:48]} {[%emt 00:00:17]} 22. Rh1 {[%clk 00:25:37]} {[%emt 00:06:01]}
d4 {[%clk 01:03:30]} {[%emt 00:04:48]} 23. f4 {[%clk 00:20:56]} {[%emt
00:05:11]} dxc3+ {[%clk 01:03:40]} {[%emt 00:00:20]} 24. Kxc3 {[%clk 00:19:02]}
{[%emt 00:02:24]} Rc8 {[%clk 01:03:46]} {[%emt 00:00:24]} 25. Kb3 {[%clk
00:18:47]} {[%emt 00:00:40]} Kc6 {[%clk 01:02:59]} {[%emt 00:01:22]} 26. Bf7
{[%clk 00:17:36]} {[%emt 00:01:41]} Kd5 {[%clk 01:02:37]} {[%emt 00:00:52]} 27.
Rd1+ {[%clk 00:17:34]} {[%emt 00:00:31]} Bd4 {[%clk 01:02:53]} {[%emt
00:00:15]} 28. Bxe6+ {[%clk 00:16:57]} {[%emt 00:01:08]} Kxe6 {[%clk 01:02:55]}
{[%emt 00:00:27]} 29. Rxd4 {[%clk 00:17:22]} {[%emt 00:00:05]} g5 {[%clk
01:02:54]} {[%emt 00:00:31]} 30. Rd6+ {[%clk 00:16:34]} {[%emt 00:01:18]} Ke7
{[%clk 01:03:17]} {[%emt 00:00:07]} 31. Rf6 {[%clk 00:15:52]} {[%emt 00:01:12]}
gxf4 {[%clk 01:02:38]} {[%emt 00:01:08]} 32. gxf4 {[%clk 00:16:14]} {[%emt
00:00:08]} Rg8 {[%clk 01:02:57]} {[%emt 00:00:11]} 33. Rxf5 {[%clk 00:15:42]}
{[%emt 00:01:02]} Rxg2 {[%clk 01:03:24]} {[%emt 00:00:04]} 34. Rh5 {[%clk
00:15:41]} {[%emt 00:00:31]} Rf2 {[%clk 01:03:12]} {[%emt 00:00:43]} 35. f5
{[%clk 00:16:06]} {[%emt 00:00:04]} Re2 {[%clk 01:03:23]} {[%emt 00:00:19]} 36.
Rh7+ {[%clk 00:15:25]} {[%emt 00:01:11]} Kf8 {[%clk 01:03:43]} {[%emt
00:00:10]} 37. e6 {[%clk 00:15:38]} {[%emt 00:00:17]} Rf2 {[%clk 01:03:57]}
{[%emt 00:00:16]} 38. Rf7+ {[%clk 00:14:00]} {[%emt 00:02:07]} Ke8 {[%clk
01:04:21]} {[%emt 00:00:07]} 39. f6 {[%clk 00:07:42]} {[%emt 00:06:48]} Re2
{[%clk 01:04:42]} {[%emt 00:00:08]} 40. Re7+ {[%clk 00:08:08]} {[%emt
00:00:04]} Kf8 {[%clk 01:05:05]} {[%emt 00:00:08]} 41. a3 {[%clk 00:07:51]}
{[%emt 00:00:47]} a5 {[%clk 01:05:10]} {[%emt 00:00:25]} *

[Event "ODJM B 2024"]
[Site "Willingen GER"]
[Date "2024.05.22"]
[Round "5"]
[White "Tarasenko, Ruslan"]
[Black "Pflug, Anton"]
[Result "0-1"]
[Termination "normal"]
[Board "51"]
[WhiteElo "1525"]
[BlackElo "1655"]
[WhiteClock "00:16:33"]
[BlackClock "00:41:13"]
[PlyCount "52"]
[WhiteFideId "34166343"]
[BlackFideId "34611495"]
[EventCountry "GER"]
[EventRounds "9"]
[EventType "swiss"]
[EventDate "2024.05.18"]

1. e4 {[%clk 01:30:57]} {[%emt 00:00:03]} e5 {[%clk 01:30:52]} {[%emt
00:00:08]} 2. Nf3 {[%clk 01:31:24]} {[%emt 00:00:04]} Nc6 {[%clk 01:31:14]}
{[%emt 00:00:08]} 3. Nc3 {[%clk 01:31:41]} {[%emt 00:00:13]} Nf6 {[%clk
01:31:20]} {[%emt 00:00:23]} 4. d4 {[%clk 01:32:06]} {[%emt 00:00:06]} exd4
{[%clk 01:31:42]} {[%emt 00:00:07]} 5. Nxd4 {[%clk 01:32:26]} {[%emt 00:00:10]}
Bb4 {[%clk 01:31:42]} {[%emt 00:00:30]} 6. Nxc6 {[%clk 01:32:41]} {[%emt
00:00:15]} bxc6 {[%clk 01:32:06]} {[%emt 00:00:06]} 7. Bd3 {[%clk 01:32:59]}
{[%emt 00:00:11]} O-O {[%clk 01:30:34]} {[%emt 00:02:02]} 8. Bd2 {[%emt
00:04:02]} d5 {[%clk 01:26:54]} {[%emt 00:03:45]} 9. O-O {[%clk 01:24:06]}
{[%emt 00:06:16]} h6 {[%clk 01:20:16]} {[%emt 00:07:09]} 10. h3 {[%clk
01:20:04]} {[%emt 00:04:32]} Re8 {[%clk 01:16:31]} {[%emt 00:04:15]} 11. Re1
{[%clk 01:16:48]} {[%emt 00:03:46]} Nh7 {[%clk 01:00:21]} {[%emt 00:16:40]} 12.
a3 {[%clk 01:10:17]} {[%emt 00:07:01]} Bc5 {[%clk 00:58:31]} {[%emt 00:02:20]}
13. exd5 {[%clk 01:06:10]} {[%emt 00:04:36]} Rxe1+ {[%clk 00:58:27]} {[%emt
00:00:35]} 14. Qxe1 {[%clk 01:06:28]} {[%emt 00:00:12]} cxd5 {[%clk 00:58:12]}
{[%emt 00:00:45]} 15. Nxd5 {[%clk 01:06:18]} {[%emt 00:00:39]} Bb7 {[%clk
00:56:26]} {[%emt 00:02:16]} 16. Nf4 {[%clk 00:57:41]} {[%emt 00:09:07]} Ng5
{[%clk 00:48:57]} {[%emt 00:07:59]} 17. h4 {[%clk 00:55:38]} {[%emt 00:02:33]}
Nh7 {[%clk 00:48:45]} {[%emt 00:00:42]} 18. h5 {[%clk 00:52:41]} {[%emt
00:03:27]} Qh4 {[%clk 00:46:14]} {[%emt 00:03:01]} 19. Be3 {[%clk 00:35:36]}
{[%emt 00:17:34]} Bd6 {[%clk 00:43:38]} {[%emt 00:03:06]} 20. f3 {[%clk
00:33:03]} {[%emt 00:03:03]} Qg5 {[%clk 00:43:16]} {[%emt 00:00:53]} 21. Qd2
{[%clk 00:32:13]} {[%emt 00:01:20]} Re8 {[%clk 00:43:22]} {[%emt 00:00:24]} 22.
Ne6 {[%clk 00:20:51]} {[%emt 00:11:52]} Qe5 {[%clk 00:41:20]} {[%emt 00:02:32]}
23. Re1 {[%clk 00:17:47]} {[%emt 00:03:34]} Rxe6 {[%clk 00:40:47]} {[%emt
00:01:04]} 24. Bf2 {[%clk 00:15:58]} {[%emt 00:02:18]} Qh2+ {[%clk 00:40:57]}
{[%emt 00:00:20]} 25. Kf1 {[%clk 00:16:22]} {[%emt 00:00:06]} Qh1+ {[%clk
00:40:50]} {[%emt 00:00:37]} 26. Bg1 {[%clk 00:16:33]} {[%emt 00:00:18]} Rxe1+
{[%clk 00:41:13]} {[%emt 00:00:08]} *

[Event "ODJM B 2024"]
[Site "Willingen GER"]
[Date "2024.05.22"]
[Round "5"]
[White "Rössling, Laura Marie"]
[Black "Will, Elina"]
[Result "1-0"]
[Termination "normal"]
[Board "52"]
[WhiteElo "1599"]
[BlackElo "1640"]
[WhiteClock "00:55:04"]
[BlackClock "01:04:33"]
[PlyCount "49"]
[WhiteFideId "16289471"]
[BlackFideId "34623434"]
[EventCountry "GER"]
[EventRounds "9"]
[EventType "swiss"]
[EventDate "2024.05.18"]

1. e4 {[%clk 01:30:56]} {[%emt 00:00:04]} e6 {[%clk 01:30:55]} {[%emt
00:00:06]} 2. d4 {[%clk 01:31:09]} {[%emt 00:00:16]} d5 {[%clk 01:31:19]}
{[%emt 00:00:07]} 3. Nd2 {[%clk 01:31:18]} {[%emt 00:00:20]} c5 {[%clk
01:31:24]} {[%emt 00:00:25]} 4. exd5 {[%clk 01:31:30]} {[%emt 00:00:18]} exd5
{[%clk 01:31:46]} {[%emt 00:00:09]} 5. Ngf3 {[%clk 01:31:09]} {[%emt 00:00:50]}
a6 {[%clk 01:30:33]} {[%emt 00:01:43]} 6. Be2 {[%clk 01:25:11]} {[%emt
00:06:28]} Nc6 {[%clk 01:30:24]} {[%emt 00:00:39]} 7. c3 {[%clk 01:22:38]}
{[%emt 00:03:03]} Bf5 {[%clk 01:23:15]} {[%emt 00:07:39]} 8. O-O {[%clk
01:20:13]} {[%emt 00:02:55]} Bd6 {[%clk 01:22:04]} {[%emt 00:01:41]} 9. dxc5
{[%clk 01:18:44]} {[%emt 00:02:00]} Bxc5 {[%clk 01:22:25]} {[%emt 00:00:08]}
10. Nb3 {[%clk 01:17:25]} {[%emt 00:01:49]} Bb6 {[%clk 01:22:32]} {[%emt
00:00:23]} 11. Nfd4 {[%clk 01:16:51]} {[%emt 00:01:03]} Nxd4 {[%clk 01:22:21]}
{[%emt 00:00:42]} 12. Nxd4 {[%clk 01:17:08]} {[%emt 00:00:13]} Bg6 {[%clk
01:22:28]} {[%emt 00:00:22]} 13. Bf3 {[%clk 01:15:37]} {[%emt 00:01:56]} Ne7
{[%clk 01:22:14]} {[%emt 00:00:50]} 14. Bg5 {[%clk 01:14:18]} {[%emt 00:01:38]}
f6 {[%clk 01:21:58]} {[%emt 00:00:57]} 15. Bf4 {[%clk 01:14:35]} {[%emt
00:00:11]} Bf7 {[%clk 01:22:00]} {[%emt 00:00:30]} 16. Re1 {[%clk 01:12:52]}
{[%emt 00:02:13]} Bxd4 {[%clk 01:20:51]} {[%emt 00:01:40]} 17. Qxd4 {[%clk
01:09:09]} {[%emt 00:04:13]} O-O {[%clk 01:17:49]} {[%emt 00:03:31]} 18. Qb4
{[%clk 01:04:06]} {[%emt 00:05:33]} Ng6 {[%clk 01:17:23]} {[%emt 00:00:56]} 19.
Bd6 {[%clk 01:03:04]} {[%emt 00:01:32]} Re8 {[%clk 01:17:17]} {[%emt 00:00:35]}
20. Rxe8+ {[%clk 01:03:03]} Qxe8 {[%clk 01:17:19]} {[%emt 00:01:00]} 21. Qxb7
{[%clk 01:02:44]} {[%emt 00:00:49]} Rd8 {[%clk 01:17:09]} {[%emt 00:00:40]} 22.
Bg3 {[%clk 00:57:16]} {[%emt 00:05:50]} Qe6 {[%clk 01:16:32]} {[%emt 00:01:16]}
23. h3 {[%clk 00:56:37]} {[%emt 00:01:09]} h6 {[%clk 01:07:07]} {[%emt
00:09:55]} 24. Qc7 {[%clk 00:55:40]} {[%emt 00:01:24]} Qe8 {[%clk 01:04:33]}
{[%emt 00:03:06]} 25. Qa5 {[%clk 00:55:04]} {[%emt 00:01:05]} 1-0

[Event "ODJM B 2024"]
[Site "Willingen GER"]
[Date "2024.05.22"]
[Round "5"]
[White "Wilke, Ronja"]
[Black "Fischer, Quirin"]
[Result "1-0"]
[Termination "normal"]
[Board "53"]
[WhiteElo "1596"]
[BlackElo "1636"]
[WhiteClock "01:08:41"]
[BlackClock "01:29:12"]
[PlyCount "117"]
[WhiteFideId "16288378"]
[BlackFideId "34623787"]
[EventCountry "GER"]
[EventRounds "9"]
[EventType "swiss"]
[EventDate "2024.05.18"]

1. e4 {[%clk 01:30:58]} c5 {[%clk 01:30:45]} {[%emt 00:00:15]} 2. Nc3 {[%clk
01:31:16]} {[%emt 00:00:13]} Nc6 {[%clk 01:30:11]} {[%emt 00:01:04]} 3. g3
{[%clk 01:30:41]} {[%emt 00:01:05]} g6 {[%clk 01:30:17]} {[%emt 00:00:23]} 4.
Bg2 {[%clk 01:30:43]} {[%emt 00:00:28]} Bg7 {[%clk 01:30:01]} {[%emt 00:00:46]}
5. d3 {[%clk 01:30:51]} {[%emt 00:00:23]} Nf6 {[%clk 01:29:53]} {[%emt
00:00:38]} 6. h3 {[%clk 01:30:51]} {[%emt 00:00:30]} d6 {[%clk 01:29:45]}
{[%emt 00:00:38]} 7. Be3 {[%clk 01:30:34]} {[%emt 00:00:46]} Rb8 {[%clk
01:29:02]} {[%emt 00:01:15]} 8. a4 {[%clk 01:28:08]} {[%emt 00:02:54]} a6
{[%clk 01:28:56]} {[%emt 00:00:37]} 9. Qd2 {[%clk 01:27:58]} {[%emt 00:00:40]}
O-O {[%clk 01:29:04]} {[%emt 00:00:22]} 10. Bh6 {[%clk 01:28:06]} {[%emt
00:00:21]} Nd4 {[%clk 01:29:21]} {[%emt 00:00:13]} 11. Be3 {[%clk 01:26:49]}
{[%emt 00:01:48]} b5 {[%clk 01:29:13]} {[%emt 00:00:38]} 12. axb5 {[%clk
01:25:49]} {[%emt 00:01:30]} Nxb5 {[%clk 01:24:44]} {[%emt 00:04:59]} 13. Nxb5
{[%clk 01:19:47]} {[%emt 00:06:31]} axb5 {[%clk 01:24:34]} {[%emt 00:00:41]}
14. Nf3 {[%clk 01:19:52]} {[%emt 00:00:25]} Bb7 {[%clk 01:24:17]} {[%emt
00:00:47]} 15. O-O {[%clk 01:19:49]} {[%emt 00:00:34]} Ra8 {[%clk 01:23:59]}
{[%emt 00:00:48]} 16. Nh2 {[%clk 01:18:24]} {[%emt 00:01:54]} Qc7 {[%clk
01:23:40]} {[%emt 00:00:48]} 17. Rab1 {[%clk 01:14:24]} {[%emt 00:04:31]} Ra2
{[%clk 01:22:03]} {[%emt 00:02:06]} 18. b3 {[%clk 01:13:03]} {[%emt 00:01:52]}
Rfa8 {[%clk 01:21:47]} {[%emt 00:00:45]} 19. Rfc1 {[%clk 01:11:33]} {[%emt
00:02:00]} Nd7 {[%clk 01:21:20]} {[%emt 00:00:57]} 20. Bh6 {[%clk 01:10:58]}
{[%emt 00:01:04]} Bb2 {[%clk 01:21:04]} {[%emt 00:00:48]} 21. Rxb2 {[%clk
01:09:14]} {[%emt 00:02:14]} b4 {[%clk 01:20:41]} {[%emt 00:00:54]} 22. c3
{[%clk 01:08:37]} {[%emt 00:01:06]} bxc3 {[%clk 01:20:49]} {[%emt 00:00:21]}
23. Qxc3 {[%clk 01:08:57]} {[%emt 00:00:10]} f6 {[%clk 01:20:42]} {[%emt
00:00:37]} 24. Bf4 {[%clk 01:08:24]} {[%emt 00:01:03]} e5 {[%clk 01:21:03]}
{[%emt 00:00:09]} 25. Be3 {[%clk 01:07:27]} {[%emt 00:01:26]} Nb8 {[%clk
01:20:42]} {[%emt 00:00:52]} 26. b4 {[%clk 01:06:30]} {[%emt 00:01:28]} Rxb2
{[%clk 01:20:18]} {[%emt 00:00:53]} 27. Qxb2 {[%clk 01:06:50]} {[%emt
00:00:10]} Qb6 {[%clk 01:20:39]} {[%emt 00:00:09]} 28. Qb3+ {[%clk 01:06:34]}
{[%emt 00:00:46]} Kg7 {[%clk 01:20:59]} {[%emt 00:00:10]} 29. Qe6 {[%clk
01:06:08]} {[%emt 00:00:55]} Qd8 {[%clk 01:20:48]} {[%emt 00:00:42]} 30. bxc5
{[%clk 01:05:56]} {[%emt 00:00:43]} dxc5 {[%clk 01:21:06]} {[%emt 00:00:12]}
31. Bxc5 {[%clk 01:05:56]} {[%emt 00:00:30]} Ra6 {[%clk 01:21:05]} {[%emt
00:00:30]} 32. Qe7+ {[%clk 01:05:48]} {[%emt 00:00:38]} Qxe7 {[%clk 01:21:28]}
{[%emt 00:00:06]} 33. Bxe7 {[%clk 01:06:13]} {[%emt 00:00:06]} Nc6 {[%clk
01:21:55]} {[%emt 00:00:04]} 34. Bc5 {[%clk 01:06:15]} {[%emt 00:00:28]} Ra2
{[%clk 01:22:06]} {[%emt 00:00:19]} 35. Be3 {[%clk 01:05:57]} {[%emt 00:00:47]}
Kf7 {[%clk 01:22:19]} {[%emt 00:00:17]} 36. Rb1 {[%clk 01:05:51]} {[%emt
00:00:37]} Ba6 {[%clk 01:22:35]} {[%emt 00:00:14]} 37. Bf1 {[%clk 01:05:39]}
{[%emt 00:00:42]} Ra3 {[%clk 01:22:47]} {[%emt 00:00:18]} 38. Rb6 {[%clk
01:05:21]} {[%emt 00:00:48]} Nd4 {[%clk 01:22:51]} {[%emt 00:00:25]} 39. Bxd4
{[%clk 01:05:25]} {[%emt 00:00:26]} exd4 {[%clk 01:23:15]} {[%emt 00:00:06]}
40. Ng4 {[%clk 01:05:22]} {[%emt 00:00:33]} h5 {[%clk 01:23:26]} {[%emt
00:00:19]} 41. Nxf6 {[%emt 00:01:14]} Ra1 {[%clk 01:23:36]} 42. Kg2 {[%clk
01:04:58]} {[%emt 00:00:30]} Ra3 {[%clk 01:23:51]} {[%emt 00:00:16]} 43. Nd7
{[%clk 01:04:53]} Kg7 {[%clk 01:23:59]} {[%emt 00:00:56]} 44. Ne5 {[%clk
01:04:58]} Kh7 {[%clk 01:24:03]} {[%emt 00:00:50]} 45. Rxg6 {[%clk 01:05:01]}
Bxd3 {[%clk 01:23:39]} {[%emt 00:01:23]} 46. Bxd3 {[%clk 01:05:22]} Rxd3 {[%clk
01:24:06]} {[%emt 00:00:12]} 47. Nxd3 {[%clk 01:05:44]} Kxg6 {[%clk 01:24:34]}
{[%emt 00:00:09]} 48. Nf4+ {[%clk 01:05:45]} Kg5 {[%clk 01:24:56]} {[%emt
00:00:38]} 49. Ne6+ {[%clk 01:06:04]} Kh6 {[%clk 01:25:25]} {[%emt 00:00:12]}
50. Nxd4 {[%clk 01:06:20]} Kg5 {[%clk 01:25:50]} {[%emt 00:00:18]} 51. Kf3
{[%clk 01:06:37]} {[%emt 00:00:13]} h4 {[%clk 01:26:12]} {[%emt 00:00:08]} 52.
gxh4+ {[%clk 01:06:46]} {[%emt 00:00:21]} Kxh4 {[%clk 01:26:30]} {[%emt
00:00:12]} 53. e5 {[%clk 01:07:06]} {[%emt 00:00:10]} Kg5 {[%clk 01:26:57]}
{[%emt 00:00:03]} 54. e6 {[%clk 01:07:26]} {[%emt 00:00:10]} Kf6 {[%emt
00:00:04]} 55. h4 {[%clk 01:07:47]} {[%emt 00:00:08]} Ke7 {[%emt 00:00:07]} 56.
h5 {[%clk 01:08:08]} {[%emt 00:00:06]} Kf6 {[%clk 01:28:17]} {[%emt 00:00:03]}
57. h6 {[%clk 01:08:25]} {[%emt 00:00:14]} Ke7 {[%clk 01:28:43]} {[%emt
00:00:03]} 58. h7 {[%clk 01:08:27]} {[%emt 00:00:28]} Kd6 {[%clk 01:29:12]}
{[%emt 00:00:02]} 59. h8=Q {[%clk 01:08:41]} {[%emt 00:00:16]} 1-0

[Event "ODJM B 2024"]
[Site "Willingen GER"]
[Date "2024.05.22"]
[Round "5"]
[White "Gendzelevsky, Stefan"]
[Black "Barthelmes, Venice"]
[Result "1-0"]
[Termination "normal"]
[Board "54"]
[WhiteElo "1628"]
[BlackElo "1655"]
[WhiteClock "00:48:22"]
[BlackClock "00:18:17"]
[PlyCount "69"]
[WhiteFideId "34637672"]
[BlackFideId "16261003"]
[EventCountry "GER"]
[EventRounds "9"]
[EventType "swiss"]
[EventDate "2024.05.18"]

1. e4 {[%clk 01:30:59]} e5 {[%clk 01:30:46]} {[%emt 00:00:15]} 2. Nf3 {[%clk
01:31:24]} {[%emt 00:00:04]} Nc6 {[%clk 01:30:58]} {[%emt 00:00:21]} 3. Bc4
{[%clk 01:31:48]} {[%emt 00:00:04]} Bc5 {[%clk 01:30:55]} {[%emt 00:00:34]} 4.
c3 {[%clk 01:32:10]} {[%emt 00:00:06]} d6 {[%clk 01:29:41]} {[%emt 00:01:45]}
5. d3 {[%clk 01:32:15]} {[%emt 00:00:25]} Bg4 {[%clk 01:28:48]} {[%emt
00:01:23]} 6. a4 {[%clk 01:31:01]} {[%emt 00:01:44]} a6 {[%clk 01:27:35]}
{[%emt 00:01:45]} 7. Na3 {[%clk 01:30:18]} {[%emt 00:01:11]} Qf6 {[%clk
01:25:12]} {[%emt 00:02:51]} 8. Bg5 {[%clk 01:26:37]} {[%emt 00:04:12]} Qg6
{[%clk 01:24:01]} {[%emt 00:01:41]} 9. Be3 {[%clk 01:14:24]} {[%emt 00:12:43]}
Bxe3 {[%clk 01:21:58]} {[%emt 00:02:33]} 10. fxe3 {[%clk 01:14:46]} {[%emt
00:00:09]} Nge7 {[%clk 01:18:35]} {[%emt 00:03:53]} 11. O-O {[%clk 01:13:24]}
{[%emt 00:01:51]} O-O {[%clk 01:16:49]} {[%emt 00:02:17]} 12. Qe1 {[%clk
01:10:30]} {[%emt 00:03:23]} Rad8 {[%clk 01:13:40]} {[%emt 00:03:39]} 13. Nh4
{[%clk 01:04:17]} {[%emt 00:06:42]} Qh6 {[%clk 00:57:47]} {[%emt 00:16:23]} 14.
Qg3 {[%clk 01:00:19]} {[%emt 00:04:28]} Be6 {[%clk 00:53:16]} {[%emt 00:05:02]}
15. Nf5 {[%clk 00:58:48]} {[%emt 00:02:02]} Nxf5 {[%clk 00:50:50]} {[%emt
00:02:56]} 16. exf5 {[%clk 00:59:04]} {[%emt 00:00:13]} Bxc4 {[%clk 00:50:42]}
{[%emt 00:00:37]} 17. Nxc4 {[%clk 00:59:24]} {[%emt 00:00:11]} f6 {[%clk
00:49:50]} {[%emt 00:01:22]} 18. e4 {[%clk 00:58:03]} {[%emt 00:01:51]} d5
{[%clk 00:45:48]} {[%emt 00:04:31]} 19. Ne3 {[%clk 00:52:19]} {[%emt 00:06:15]}
d4 {[%clk 00:40:54]} {[%emt 00:05:24]} 20. Ng4 {[%clk 00:50:21]} {[%emt
00:02:28]} Qh5 {[%clk 00:40:15]} {[%emt 00:01:09]} 21. Qf3 {[%clk 00:50:03]}
{[%emt 00:00:48]} Qf7 {[%clk 00:37:17]} {[%emt 00:03:28]} 22. c4 {[%clk
00:49:42]} {[%emt 00:00:51]} Nb4 {[%clk 00:34:00]} {[%emt 00:03:46]} 23. Qd1
{[%clk 00:49:01]} {[%emt 00:01:12]} c5 {[%clk 00:31:59]} {[%emt 00:02:31]} 24.
h3 {[%clk 00:48:36]} {[%emt 00:00:55]} Rb8 {[%clk 00:31:34]} {[%emt 00:00:56]}
25. a5 {[%clk 00:48:13]} {[%emt 00:00:53]} b6 {[%clk 00:23:56]} {[%emt
00:08:08]} 26. Nf2 {[%clk 00:47:42]} {[%emt 00:01:00]} Qc7 {[%clk 00:22:38]}
{[%emt 00:01:47]} 27. g4 {[%clk 00:46:57]} {[%emt 00:01:16]} h6 {[%clk
00:21:13]} {[%emt 00:01:54]} 28. h4 {[%clk 00:46:48]} {[%emt 00:00:40]} Rb7
{[%clk 00:19:20]} {[%emt 00:02:25]} 29. Kg2 {[%clk 00:46:47]} {[%emt 00:00:29]}
Ra8 {[%clk 00:18:51]} {[%emt 00:00:58]} 30. g5 {[%clk 00:47:01]} {[%emt
00:00:16]} hxg5 {[%clk 00:18:59]} {[%emt 00:00:23]} 31. hxg5 {[%clk 00:47:23]}
{[%emt 00:00:08]} Kf7 {[%clk 00:18:19]} {[%emt 00:01:10]} 32. g6+ {[%clk
00:47:39]} {[%emt 00:00:14]} Ke7 {[%clk 00:18:31]} {[%emt 00:00:19]} 33. Rh1
{[%clk 00:48:01]} {[%emt 00:00:07]} bxa5 {[%clk 00:18:01]} {[%emt 00:01:00]}
34. Rh7 {[%clk 00:48:22]} {[%emt 00:00:09]} Kd6 {[%clk 00:18:17]} {[%emt
00:00:14]} 35. Ng4 {[%clk 00:48:22]} {[%emt 00:00:30]} *

[Event "ODJM B 2024"]
[Site "Willingen GER"]
[Date "2024.05.22"]
[Round "5"]
[White "Symanski, Linda"]
[Black "Greiner, Jan Oluf"]
[Result "1-0"]
[Termination "normal"]
[Board "55"]
[WhiteElo "1542"]
[BlackElo "1634"]
[WhiteClock "00:19:42"]
[BlackClock "00:30:02"]
[PlyCount "35"]
[WhiteFideId "16284534"]
[BlackFideId "34632069"]
[EventCountry "GER"]
[EventRounds "9"]
[EventType "swiss"]
[EventDate "2024.05.18"]

1. d4 {[%clk 01:30:59]} d5 {[%clk 01:30:56]} {[%emt 00:00:05]} 2. c4 {[%clk
01:31:25]} {[%emt 00:00:03]} e6 {[%clk 01:31:22]} {[%emt 00:00:05]} 3. Nc3
{[%clk 01:31:51]} {[%emt 00:00:04]} Nf6 {[%clk 01:31:46]} {[%emt 00:00:06]} 4.
Nf3 {[%clk 01:32:14]} {[%emt 00:00:06]} Be7 {[%clk 01:32:10]} {[%emt 00:00:06]}
5. Bg5 {[%clk 01:32:40]} {[%emt 00:00:05]} Nc6 {[%clk 01:32:27]} {[%emt
00:00:13]} 6. e3 {[%clk 01:31:14]} {[%emt 00:01:55]} O-O {[%clk 01:32:52]}
{[%emt 00:00:05]} 7. a3 {[%clk 01:28:33]} {[%emt 00:03:11]} b6 {[%clk
01:32:31]} {[%emt 00:02:23]} 8. Qc2 {[%clk 01:26:19]} {[%emt 00:01:12]} dxc4
{[%clk 01:23:23]} {[%emt 00:09:38]} 9. Bxc4 {[%clk 01:26:13]} {[%emt 00:00:36]}
Bb7 {[%clk 01:23:11]} {[%emt 00:00:42]} 10. Rc1 {[%clk 01:22:55]} {[%emt
00:03:47]} Re8 {[%clk 01:14:11]} {[%emt 00:09:31]} 11. Ba2 {[%clk 01:16:20]}
{[%emt 00:07:05]} g6 {[%clk 01:11:38]} {[%emt 00:03:02]} 12. h4 {[%clk
01:02:28]} {[%emt 00:14:22]} Nh5 {[%clk 01:09:17]} {[%emt 00:02:51]} 13. Ne4
{[%clk 00:41:46]} {[%emt 00:21:12]} Bxg5 {[%clk 00:57:10]} {[%emt 00:12:38]}
14. hxg5 {[%clk 00:39:38]} {[%emt 00:02:38]} f5 {[%clk 00:42:52]} {[%emt
00:14:48]} 15. gxf6 {[%clk 00:35:32]} {[%emt 00:04:36]} Nxf6 {[%clk 00:42:54]}
{[%emt 00:00:27]} 16. Neg5 {[%clk 00:34:56]} {[%emt 00:01:05]} Qd7 {[%clk
00:36:47]} {[%emt 00:06:38]} 17. Qc4 {[%clk 00:30:56]} {[%emt 00:04:30]} Nd8
{[%clk 00:30:02]} {[%emt 00:07:15]} 18. Qc2 {[%clk 00:19:42]} {[%emt 00:11:44]}
*